Statistics for AFL Premiership Lineups

Click here to take the quiz!

General Stats

  • This quiz has been taken 32 times
    (14 since last reset)
  • The average score is 203 of 486

Answer Stats

Answer% Correct
Billy Frampton
83%
Bobby Hill
83%
Bradley Hill
83%
Darcy Moore
83%
Josh Daicos
83%
Nick Daicos
83%
Scott Pendlebury
83%
Adam Selwood
67%
Alastair Lynch
67%
Bayley Fritsch
67%
Beau McCreery
67%
Brayden Maynard
67%
Cameron Guthrie
67%
Christian Petracca
67%
Clayton Oliver
67%
Cyril Rioli
67%
Daniel Rioli
67%
Darcy Cameron
67%
Dean Cox
67%
Dion Prestia
67%
Dom Sheed
67%
Dustin Martin
67%
Isaac Quaynor
67%
Jack Henry
67%
Jack Riewoldt
67%
Jack Viney
67%
Jamie Elliott
67%
Jeremy Cameron
67%
Joel Selwood
67%
Jordan De Goey
67%
Luke Shuey
67%
Marcus Bontempelli
67%
Mason Cox
67%
Max Gawn
67%
Nathan Murphy
67%
Oleg Markov
67%
Patrick Dangerfield
67%
Patrick Lipinski
67%
Quinten Lynch
67%
Sam Mitchell
67%
Shannon Hurn
67%
Steele Sidebottom
67%
Steven May
67%
Tom Hawkins
67%
Tom J. Lynch
67%
Tom Mitchell
67%
Tom Stewart
67%
Travis Cloke
67%
Trent Cotchin
67%
Tyson Stengle
67%
Will Hoskin-Elliott
67%
Willie Rioli
67%
Zach Guthrie
67%
Adam Goodes
50%
Alex Johnson
50%
Alex Neal-Bullen
50%
Alex Rance
50%
Angus Brayshaw
50%
Bachar Houli
50%
Barry Hall
50%
Beau McDonald
50%
Ben Brown
50%
Ben Cousins
50%
Ben Johnson
50%
Brad Scott
50%
Brad Sewell
50%
Brandan Parfitt
50%
Brian Lake
50%
Brody Mihocek
50%
Byron Pickett
50%
Campbell Brown
50%
Chad Cornes
50%
Charlie Spargo
50%
Chris Johnson
50%
Chris Judd
50%
Chris Scott
50%
Christian Salem
50%
Clay Smith
50%
Corey Enright
50%
Craig Bolton
50%
Craig McRae
50%
Dale Thomas
50%
Dan Butler
50%
Daniel Kerr
50%
Darren Glass
50%
Darren Milburn
50%
David Astbury
50%
David Hale
50%
Dylan Grimes
50%
Ed Langdon
50%
Elliot Yeo
50%
Grant Birchall
50%
Gryan Miers
50%
Heath Shaw
50%
Isaac Smith
50%
Jack Crisp
50%
Jack Darling
50%
Jack Ginnivan
50%
Jack Gunston
50%
Jack Macrae
50%
Jake Kolodjashnij
50%
Jake Lever
50%
James Harmes
50%
James Kelly
50%
Jamie Cripps
50%
Jarrad Schofield
50%
Jarryd Roughead
50%
Jason Akermanis
50%
Jason Ball
50%
Jason Johannisen
50%
Jayden Short
50%
Jed Bews
50%
Jeremy Howe
50%
Jeremy McGovern
50%
Joel Corey
50%
Jonathan Brown
50%
Jordan Lewis
50%
Jordan Roughead
50%
Josh Caddy
50%
Josh Dunkley
50%
Josh J. Kennedy
50%
Josh P. Kennedy
50%
Jude Bolton
50%
Justin Leppitsch
50%
Kamdyn McIntosh
50%
Kane Cornes
50%
Kieren Jack
50%
Kysaiah Pickett
50%
Lance Franklin
50%
Leigh Brown
50%
Leo Barry
50%
Liam Baker
50%
Liam Picken
50%
Liam Ryan
50%
Luke Ball
50%
Luke Breust
50%
Luke Hodge
50%
Luke Power
50%
Mark LeCras
50%
Marlion Pickett
50%
Mathew Stokes
50%
Matthew Boyd
50%
Matthew Scarlett
50%
Michael O'Loughlin
50%
Michael Voss
50%
Mitch Duncan
50%
Nathan Broad
50%
Nathan Brown
50%
Nathan Vardy
50%
Nick Davis
50%
Nick Smith
50%
Nick Vlastuin
50%
Nigel Lappin
50%
Noah Balta
50%
Paul Chapman
50%
Paul Puopolo
50%
Rhyce Shaw
50%
Rhys Stanley
50%
Ryan O'Keefe
50%
Sam Butler
50%
Sam De Koning
50%
Scott Lycett
50%
Shai Bolton
50%
Shane Edwards
50%
Simon Black
50%
Steve Johnson
50%
Thomas Cole
50%
Toby Nankervis
50%
Tom Barrass
50%
Tom Boyd
50%
Tom Liberatore
50%
Tom McDonald
50%
Tom Sparrow
50%
Tory Dickson
50%
Trent Rivers
50%
Warren Tredrea
50%
Will Langford
50%
Will Schofield
50%
Zach Tuohy
50%
Adam Hunter
33%
Adam Kingsley
33%
Alan Didak
33%
Andrew Embley
33%
Andrew Mackie
33%
Ben McEvoy
33%
Ben Stratton
33%
Brad Close
33%
Brad Ottens
33%
Brandon Ellis
33%
Brett Kirk
33%
Caleb Daniel
33%
Cameron Ling
33%
Cameron Mooney
33%
Chance Bateman
33%
Clark Keating
33%
Dale Morris
33%
Damien Hardwick
33%
Dane Swan
33%
Dan Hannebery
33%
Daniel Chick
33%
Daniel Venables
33%
Darren Jolly
33%
Darryl White
33%
David Wirrpanda
33%
David Wojcinski
33%
Easton Wood
33%
Gary Ablett
33%
Gary Rohan
33%
Harrison Petty
33%
Heath Grundy
33%
Jack Graham
33%
Jack Redden
33%
Jacob Townsend
33%
Jake Stringer
33%
James Frawley
33%
James Podsiadly
33%
Jarrad McVeigh
33%
Jason Castagna
33%
Jimmy Bartel
33%
Joel Hamling
33%
Josh Carr
33%
Josh Gibson
33%
Josh Hunt
33%
Kane Lambert
33%
Lachie Hunter
33%
Lewis Roberts-Thomson
33%
Liam Shiels
33%
Luke Ablett
33%
Luke Jackson
33%
Luke Parker
33%
Marcus Ashcroft
33%
Mark Blicavs
33%
Mark Hutchings
33%
Mark O'Connor
33%
Mark Williams
33%
Matt Spangher
33%
Max Rooke
33%
Mike Pyke
33%
Nathan Ablett
33%
Nick Maxwell
33%
Paul Williams
33%
Ryan Schoenmakers
33%
Shane Biggs
33%
Shane Mumford
33%
Shannon Byrnes
33%
Shaun Grigg
33%
Steven King
33%
Stuart Dew
33%
Taylor Duryea
33%
Toby McLean
33%
Tom Atkins
33%
Tom Harley
33%
Tom Lonergan
33%
Xavier Ellis
33%
Zaine Cordy
33%
Adam Schneider
17%
Alan Toovey
17%
Allen Christensen
17%
Ashley Hansen
17%
Ashley McGrath
17%
Beau Waters
17%
Ben Reid
17%
Brendon Lade
17%
Brent Guerra
17%
Brent Macaffer
17%
Brett Jones
17%
Chad Fletcher
17%
Chris Dawes
17%
Chris Masten
17%
Daniel Bradshaw
17%
Darryl Wakelin
17%
Dayne Beams
17%
Dean Brogan
17%
Des Headland
17%
Domenic Cassisi
17%
Fletcher Roberts
17%
Harry Taylor
17%
Heritier Lumumba
17%
Ivan Soldo
17%
Jake Bowey
17%
James Jordon
17%
Jarryd Blair
17%
Lewis Jetta
17%
Liam Duggan
17%
Luke Dahlhaus
17%
Mal Michael
17%
Mark Blake
17%
Martin Pike
17%
Matthew Suckling
17%
Michael Hibberd
17%
Michael Osborne
17%
Mitch Morton
17%
Nick Malceski
17%
Peter Burgoyne
17%
Rowan Jones
17%
Sam Reid
17%
Shane Crawford
17%
Sharrod Wellingham
17%
Shaun Burgoyne
17%
Shaun Hart
17%
Tadhg Kennelly
17%
Ted Richards
17%
Tim Notting
17%
Travis Varcoe
17%
Trent West
17%
Tyson Goldsack
17%
Tyson Stenglein
17%
Aaron Shattock
0%
Amon Buchanan
0%
Ben Mathews
0%
Brent Renouf
0%
Brett Montgomery
0%
Clinton Young
0%
Craig Bird
0%
Drew Banfield
0%
Gavin Wanganeen
0%
Jamie Charman
0%
Jared Crouch
0%
Jonathan Simpkin
0%
Josh Mahoney
0%
Mark Seaby
0%
Marty Mattner
0%
Matthew Bishop
0%
Max Bailey
0%
Michael Braun
0%
Michael Wilson
0%
Nic Fosdike
0%
Paul Bevan
0%
Richard Hadley
0%
Rick Ladson
0%
Robert Campbell
0%
Robert Copeland
0%
Roger James
0%
Sean Dempster
0%
Stephen Gilham
0%
Steven Armstrong
0%
Toby Thurstans
0%
Trent Croad
0%

Score Distribution

Percentile by Number Answered

Percent of People with Each Score

Your Score History

You have not taken this quiz since the last reset